LEADER 01068nam--2200373---450- 001 990005826240203316 005 20130409103101.0 010 $a9069801183 035 $a000582624 035 $aUSA01000582624 035 $a(ALEPH)000582624USA01 035 $a000582624 100 $a20130409d1998----km-y0itay50------ba 101 $aeng 102 $aDE 105 $a----||||001yy 200 1 $aGenre in hellenistic poetry$fedited by M.A. Harder, R.F. Regtuit, and G.C. Wakker 210 $aCroningen$cForsten$d1998 215 $a242 p.$d24 cm 225 2 $aHellenistica Groningana$v3 410 0$12001$aHellenistica Groningana$v3 606 0 $aPoesia ellenistica$2BNCF 676 $a881.0109 702 1$aHARDER,$bM. Annette 702 1$aREGTUIT,$bRemco Ferdinand 702 1$aWAKKER,$bGerrigje Catharina 801 0$aIT$bsalbc$gISBD 912 $a990005826240203316 951 $aCL A 141$b9507 DSA 959 $aBK 969 $aDSA 979 $aDSA$b90$c20130409$lUSA01$h1031 996 $aGenre in hellenistic poetry$91088155 997 $aUNISA LEADER 01169nam--2200373---450- 001 990001895610203316 005 20051019102856.0 035 $a000189561 035 $aUSA01000189561 035 $a(ALEPH)000189561USA01 035 $a000189561 100 $a20040802d1930----km-y0itay0103----ba 101 0 $aita 102 $aIT 105 $a||||||||001yy 200 1 $aInni$fRomano il Melode$ga cura di Giuseppe Cammelli 210 $aFirenze$cEdizioni testi cristiani$d1930 215 $a407 p.$d21 cm 225 2 $aTesti cristiani con versione italiana a fronte, introduzione e commento 410 0$12001$aTesti cristiani con versione italiana a fronte, introduzione e commento 454 1$12001 461 1$1001-------$12001 700 1$aROMANUS : Melodus$c$0564966 702 1$aCAMMELLI,$bGiuseppe 801 0$aIT$bsalbc$gISBD 912 $a990001895610203316 951 $aV.4.A. 29(VIII A 318)$b46236 L.M.$cVIII A 959 $aBK 969 $aUMA 979 $aSIAV4$b10$c20040802$lUSA01$h1623 979 $aSIAV4$b10$c20040802$lUSA01$h1904 979 $aCOPAT6$b90$c20051019$lUSA01$h1028 996 $aInni$9954042 997 $aUNISA